000 00323nam a22001457a 4500
008 230622b ||||| |||| 00| 0 eng d
020 _a9781285453187
041 _aeng
080 _28E
_a575
082 _a575ZUM
100 _a13
101 _aBIOKIMI
245 _aINTRODUCTORY CHEMISTRY
_cZUMDAHL.DE
942 _2udc
_cBK
999 _c60021
_d60021